000 00702nam a2200241Ia 4500
003 OSt
005 20220511101953.0
008 210719s2021 xx 000 0 und d
020 _a978-93-5299-681-0
040 _aAL
_c
041 _aeng
082 _a650 ASWE
100 _aASWATHAPPA (K)
_935902
245 _aEssentials of business environment: text cases and exercises
250 _a15 Rev.
260 _aMumbai
_bHimalaya Publishing House
_c2021
300 _axix,778
_bPB
365 _b825
_cRs
650 _aBusiness Environment
_935903
650 _aManagement
_935904
906 _a15 ; business ; cases ; Ed ; environment: ; Essentials ; exercises ; Rev ; text
942 _2ddc
_cBK
999 _c211737
_d211737